Economic Geography /
সংরক্ষণ করুন:
| প্রধান লেখক: | |
|---|---|
| অন্যান্য লেখক: | , |
| বিন্যাস: | গ্রন্থ |
| ভাষা: | ইংরেজি |
| প্রকাশিত: |
Englewood Cliffs :
Prentice-Hall,
c1987.
|
| বিষয়গুলি: | |
| ট্যাগগুলো: |
কোনো ট্যাগ নেই, প্রথমজন হিসাবে ট্যাগ করুন!
|
MARC
| LEADER | 00000cam a22000002a 4500 | ||
|---|---|---|---|
| 001 | 0000006015 | ||
| 003 | DAYSTAR | ||
| 005 | 20171002014405.0 | ||
| 008 | 030703s1987 xx 001 0 eng d | ||
| 020 | |a 0132314401 | ||
| 040 | |a Daystar |d BNjogu | ||
| 050 | 0 | 0 | |a HC 59 |b .B52 |
| 100 | 1 | |a Berry, Brian J.L. | |
| 245 | 1 | 0 | |a Economic Geography / |c Brian J.L. Berry. |
| 260 | |a Englewood Cliffs : |b Prentice-Hall, |c c1987. | ||
| 300 | |a 447 p. | ||
| 650 | 0 | |a Geography,Economic. | |
| 650 | 0 | |a Industry |x Location. | |
| 650 | 0 | |a Natural resources. | |
| 700 | 1 | |a Conkling, Edgar C. | |
| 700 | 1 | |a Ray, D. Michael. | |
| 908 | |a 060412 | ||
| 942 | |c G | ||
| 952 | |0 0 |1 0 |4 0 |6 HC_59_000000000000000_B52 |7 0 |9 1646 |a DUA |b DUA |c OS |d 2017-09-28 |l 0 |o OS HC 59.B52 |p BK021819 |r 2017-09-28 00:00:00 |t c. |w 2017-09-28 |x 26431 |y G | ||
| 999 | |c 1083 |d 1083 | ||